Pensieri tratti dalle conferenze della Prima Maestra (Record n. 37829)

Dettagli MARC
000 -LEADER
fixed length control field 00837nam a22001817a 4500
003 - CONTROL NUMBER IDENTIFIER
control field IT-RoPau
005 - DATE AND TIME OF LATEST TRANSACTION
control field 20220918175938.0
008 - FIXED-LENGTH DATA ELEMENTS--GENERAL INFORMATION
fixed length control field 130124b xxu||||| |||| 00| 0 eng d
040 ## - CATALOGING SOURCE
Transcribing agency IT-RoPau
100 ## - MAIN ENTRY--PERSONAL NAME
Personal name Merlo , Tecla
9 (RLIN) 231
245 ## - TITLE STATEMENT
Title Pensieri tratti dalle conferenze della Prima Maestra
Remainder of title (Riservato alle Professe)
250 ## - EDITION STATEMENT
Edition statement I
260 ## - PUBLICATION, DISTRIBUTION, ETC. (IMPRINT)
Place of publication, distribution, etc. Roma
Name of publisher, distributor, etc. Tipografia Figlie di San Paolo
Date of publication, distribution, etc. 1954
300 ## - PHYSICAL DESCRIPTION
Extent 299 p.
Dimensions 14,5 cm
490 ## - SERIES STATEMENT
Series statement Edizioni Paoline
Volume/sequential designation I
520 ## - SUMMARY, ETC.
Summary, etc. Indice<br/><br/>Costituzioni<br/>Pietà - fervore<br/>Divozione alla Madonna<br/>Spirito di fede<br/>Generosità<br/>Povertà<br/>Castità<br/>Obbedienza<br/>Carità<br/>Vita Comune<br/>Umiltà<br/>Sincerità<br/>Serenità<br/>Spirito di adattamento<br/>Silenzio<br/>Amore ai Superiori e alla Congregazione<br/>Studio e apostolato<br/>Letture<br/>Vocazioni<br/>Cura della salute<br/>Pensieri d'occasione<br/>Avvisi vari<br/>Lettere
942 ## - ADDED ENTRY ELEMENTS (KOHA)
Source of classification or shelving scheme Dewey Decimal Classification
Koha item type LIBRO
Dati di copia
Withdrawn status Lost status Source of classification or shelving scheme Damaged status Not for loan Home library Current library Date acquired Total Checkouts Full call number Date last seen Price effective from Koha item type
    Dewey Decimal Classification Buone Condizioni Not For Loan PAULUS-BIBLIOTECA PAULUS-BIBLIOTECA 24/01/2013   P B4 24/01/2013 24/01/2013 LIBRO
CREDITS: SOCIETA' SAN PAOLO Via A.Severo, 58 - ROMA (RM) & PERIODICI SAN PAOLO SRL Via Giotto, 36 MILANO & CISF Via Giotto, 36 MILANO & EDIZIONI SAN PAOLO SRL,  Piazza Soncino, 5 CINISELLO BALSAMO (MI) -- ITALY